Fiškálna politika v EÚ v podmienkach dlhovej krízy a jej dopad na hospodársky vývoj SR dizertačná práca

Salvato in:
Dettagli Bibliografici
Autore principale: Líšková, Barbara
Ente Autore: Národohospodárska fakulta EU. Katedra ekonómie
Altri autori: Piovarčiová, Veronika, 1951-
Natura: Libro
Lingua:slovacco
Pubblicazione: Bratislava 2013
Soggetti:
Tags: Aggiungi Tag
Nessun Tag, puoi essere il primo ad aggiungerne!!

MARC

LEADER 00000nbm a2200000 4500
001 0174189
005 20240502072953.8
041 0 |a slo 
044 |a SK 
245 1 0 |a Fiškálna politika v EÚ v podmienkach dlhovej krízy a jej dopad na hospodársky vývoj SR  |b dizertačná práca  |c Barbara Líšková ; školiteľ: Veronika Piovarčiová 
264 1 |a Bratislava  |c 2013 
300 |a 114 s. 
610 2 0 |a politika fiškálna 
610 2 0 |a kríza hospodárska 
610 2 0 |a kríza finančná 
610 2 0 |a vývoj hospodársky 
610 2 0 |a Slovensko 
610 2 0 |a Európska únia 
100 1 |a Líšková, Barbara 
700 1 |a Piovarčiová, Veronika, 1951- 
710 2 |a Národohospodárska fakulta EU. Katedra ekonómie